Europapokal Endspiele deutscher Mannschaften - Statistiken

Allgemein
  • Dieses Quiz wurde 143 mal gespielt
  • Das Durchschnittsergebnis liegt bei 65 aus 88
Antwortstatistiken
Saison Wettbewerb Antwort % Korrekt
1965/66 Pokalsieger Borussia Dortmund
98%
1966/67 Pokalsieger FC Bayern München
98%
1973/74 Landesmeister FC Bayern München
98%
1974/75 Landesmeister FC Bayern München
98%
1975/76 Landesmeister FC Bayern München
98%
FC Bayern München
98%
FC Bayern München
98%
1995/96 UEFA Pokal FC Bayern München
98%
FC Bayern München
98%
2000/01 Champions League FC Bayern München
98%
FC Bayern München
98%
FC Bayern München
98%
2012/13 Champions League FC Bayern München
98%
2019/20 Champions League FC Bayern München
98%
Eintracht Frankfurt
96%
UEFA Pokal Eintracht Frankfurt
96%
2021/22 Euro League Eintracht Frankfurt
96%
Hamburger SV
93%
Pokalsieger Hamburger SV
93%
Hamburger SV
93%
Hamburger SV
93%
1982/83 Landesmeister Hamburger SV
93%
1959/60 Landesmeister Real Madrid
93%
1985/86 UEFA Pokal Real Madrid
93%
2001/02 Champions League Real Madrid
93%
2023/24 Champions League Real Madrid
93%
1987/88 UEFA Pokal Bayer 04 Leverkusen
90%
Bayer 04 Leverkusen
90%
Bayer 04 Leverkusen
90%
Borussia Dortmund
90%
1996/97 Champions League Borussia Dortmund
90%
Borussia Dortmund
90%
Borussia Dortmund
90%
Borussia Dortmund
90%
1991/92 Pokalsieger SV Werder Bremen
89%
SV Werder Bremen
89%
UEFA Pokal FC Schalke 04
88%
Inter Mailand
86%
2009/10 Champions League Inter Mailand
86%
1998/99 Champions League Manchester United
86%
1997/98 Pokalsieger FC Chelsea
84%
2011/12 Champions League FC Chelsea
84%
Paris Saint Germain
84%
VfB Stuttgart
84%
VfB Stuttgart
84%
Borussia Mönchengladbach
83%
UEFA Pokal Borussia Mönchengladbach
83%
Borussia Mönchengladbach
83%
UEFA Pokal Borussia Mönchengladbach
83%
Borussia Mönchengladbach
83%
Juventus Turin
79%
1992/93 UEFA Pokal Juventus Turin
79%
Juventus Turin
79%
1. FC Köln
76%
FC Liverpool
73%
1972/73 UEFA Pokal FC Liverpool
73%
1976/77 Landesmeister FC Liverpool
73%
Glasgow Rangers
73%
Glasgow Rangers
73%
Pokalsieger 1. FC Magdeburg
71%
FC Valencia
71%
Atalanta Bergamo
69%
1967/68 Pokalsieger AC Mailand
68%
AC Mailand
68%
Atletico Madrid
61%
UEFA Pokal Feyenoord Rotterdam
55%
1978/79 Pokalsieger FC Barcelona
52%
1986/87 Landesmeister FC Porto
52%
Pokalsieger Ajax Amsterdam
51%
1981/82 Landesmeister Aston Villa
51%
Fortuna Düsseldorf
50%
1979/80 Landesmeister Nottingham Forest
50%
TSV 1860 München
50%
2008/09 UEFA Pokal Schachtar Donezk
45%
Girodins Bordeaux
43%
1988/89 UEFA Pokal SSC Neapel
42%
AS Monaco
36%
FC Carl Zeiss Jena
36%
1. FC Lokomotive Leipzig
35%
Leeds United
35%
Espanyol Barcelona
34%
1964/65 Pokalsieger West Ham United
33%
Roter Stern Belgrad
29%
RSC Anderlecht
24%
AS Saint Etienne
18%
1980/81 Pokalsieger Dinamo Tiflis
14%
FC Twente Enschede
14%
UEFA Pokal IFK Göteborg
14%
Keine übereinstimmenden Quizze gefunden
Verteilung der Resultate
Anzahl Personen mit jedem Resultat
Perzentil nach korrekt beantworteten Fragen
Ihre Resultats-Entwicklung
Sie haben dieses Quiz noch nicht gespielt